00789nam a22002297a 4500003000400000020001800004082001900022100002200041245005600063260005900119300001600178546001200194650002800206650003300234650004300267650003600310650002800346700002100374942001200395999001900407952013300426OSt a9789332560086 a338.88bSUN/IN aSundaram, Anant K aInternational business environment:btext and cases aNoidabPearson India Education Services Pvt. Ltdc2016 axvii, 347p. aEnglish aForces of globalization aForeign exchange: the basics aForeign exchange: transaction exposure aTheories of international trade aPolitical risk analysis aBlack, Stewart J 2ddccBK c157407d157407 00102ddc40708GenaKAUCLVbKAUCLVcGENERALd2017-08-02g399.00l0o338.88 SUN/INp227398r2017-08-02 00:00:00w2017-08-02yBK